Kỹ thuật nuôi trồng hoa Phong Lan
Сохранить в:
| Главный автор: | |
|---|---|
| Формат: | |
| Язык: | Undetermined |
| Опубликовано: |
Tp. HCM
Trẻ
1999
|
| Предметы: | |
| Метки: |
Добавить метку
Нет меток, Требуется 1-ая метка записи!
|
| Thư viện lưu trữ: | Trung tâm Học liệu Trường Đại học Cần Thơ |
|---|
| LEADER | 00553nam a2200193Ia 4500 | ||
|---|---|---|---|
| 001 | CTU_36535 | ||
| 008 | 210402s9999 xx 000 0 und d | ||
| 020 | |b 65.000đ | ||
| 082 | |a 635.9344 | ||
| 082 | |b B108 | ||
| 100 | |a Trần Văn Bảo | ||
| 245 | 0 | |a Kỹ thuật nuôi trồng hoa Phong Lan | |
| 245 | 0 | |c Trần Văn Bảo | |
| 260 | |a Tp. HCM | ||
| 260 | |b Trẻ | ||
| 260 | |c 1999 | ||
| 650 | |a floriculture,orchids - vietnam,plants, ornamental | ||
| 904 | |i Minh, 000508 | ||
| 980 | |a Trung tâm Học liệu Trường Đại học Cần Thơ | ||